00349nam a2200121Ia 4500008004100000020001800041082001600059100002700075245001500102260007600117300002000193490001400213250529s9999 xx 000 0 und d a9789991569352 a891.4891ABA aDhivehi Bahuge Academy 0aAbaarana 3 aMale'bDhivehi Bahaai Thaareekhah Khidhumaiykuraa Qaumee Marukazuc2020 a154 p. ; 21 cm. vMalas 100